<?xml version="1.0" encoding="UTF-8"?>
<marc:record xmlns:marc="http://www.loc.gov/MARC21/slim">
   <marc:leader>00000nam a2200000 a 4500</marc:leader>
   <marc:datafield ind1="1" ind2=" " tag="100">
      <marc:subfield code="a">Yates, Gary</marc:subfield>
      <marc:subfield code="4">drt</marc:subfield>
      <marc:subfield code="e">Regisseur/-in</marc:subfield>
   </marc:datafield>
   <marc:datafield ind1=" " ind2=" " tag="653">
      <marc:subfield code="a">DVD</marc:subfield>
   </marc:datafield>
   <marc:datafield ind1=" " ind2=" " tag="653">
      <marc:subfield code="a">Weihnachten</marc:subfield>
   </marc:datafield>
   <marc:datafield ind1="0" ind2="0" tag="245">
      <marc:subfield code="a">Das Weihnachtsherz</marc:subfield>
   </marc:datafield>
   <marc:datafield ind1="0" ind2="0" tag="245">
      <marc:subfield code="b">Das Geschenk meines Lebens</marc:subfield>
   </marc:datafield>
   <marc:datafield ind1=" " ind2="1" tag="264">
      <marc:subfield code="a">München</marc:subfield>
      <marc:subfield code="b">tiberiusfilm</marc:subfield>
      <marc:subfield code="c">2014</marc:subfield>
   </marc:datafield>
   <marc:datafield ind1="1" ind2=" " tag="520">
      <marc:subfield code="a">Weihnachtsabend mitten in Amerika in einer kleinen Stadt. Alle sind schon in heller Aufregung, denn schon seit vielen Jahren ist es Tradition, auf der Straße Kerzen aufzustellen und so die ganze Stadt mit wundervollen Weihnachtslichtern zu erhellen. Aber für eine der Familien ist es ein ganz besonderer Tag. Denn Matt, ihr Junge, ist krank und wartet schon lange auf eine dringende Herztransplantation. Als seine Eltern Ann und Mike an diesem stürmischen Abend einmal wieder darauf warten, dass ihr Sohn ein Spenderherz bekommt, verstehen die Nachbarn plötzlich, dass ihre stimmungsvollen Weihnachtskerzen vielleicht auch einen viel tieferen Sinn haben könnten.&lt;br/&gt;Ein ergreifendes Drama mit viel Herz für die ganze Familie.</marc:subfield>
   </marc:datafield>
   <marc:datafield ind1=" " ind2=" " tag="041">
      <marc:subfield code="a">ger</marc:subfield>
   </marc:datafield>
   <marc:datafield ind1="1" ind2=" " tag="521">
      <marc:subfield code="a">FSK ab 6 freigegeben</marc:subfield>
   </marc:datafield>
   <marc:datafield ind1="1" ind2=" " tag="521">
      <marc:subfield code="a">6</marc:subfield>
   </marc:datafield>
   <marc:datafield ind1=" " ind2=" " tag="338">
      <marc:subfield code="a">Videodisk</marc:subfield>
   </marc:datafield>
   <marc:datafield ind1=" " ind2=" " tag="306">
      <marc:subfield code="a">01:24:00</marc:subfield>
   </marc:datafield>
   <marc:datafield ind1=" " ind2=" " tag="300">
      <marc:subfield code="a">1 DVD</marc:subfield>
   </marc:datafield>
</marc:record>
